00566cam a22002177a 4500003000500000005001700005008004100022010001000063011001000073035001000083040000900093082001800102110000800120245006500128260002300193300001100216490003800227650002900265700001600294830003800310CHAP20220817043127.0971013s1961 r 00010 d a66365 a67337 a76807 cCHAP a533.0945bF3y aFAO13aLa reforma agraria en Italiab: realizaciones y perspectivas aRoma :bFAO,c1961 a216 p. 0aFAO. Estudios agropecuariosv; 5314aReforma agrariaxItalia.0 aBarbero, G.0 aFAO. Estudios agropecuariosv; 53